Hauptstädte und größte Städte (Saarland) - Statistiken

Allgemein
  • Dieses Quiz wurde 39 mal gespielt
  • Das Durchschnittsergebnis liegt bei 12 aus 15
Antwortstatistiken
Antwort % Korrekt
Saarbrücken
100%
Merzig
91%
Neunkirchen
91%
Saarbrücken
91%
Saarlouis
91%
Merzig
82%
Neunkirchen
82%
Saarlouis
82%
St. Wendel
82%
Saarbrücken
79%
Saarbrücken
76%
St. Wendel
76%
Homburg
64%
Homburg
61%
Ottweiler
42%
Keine übereinstimmenden Quizze gefunden
Verteilung der Resultate
Anzahl Personen mit jedem Resultat
Perzentil nach korrekt beantworteten Fragen
Ihre Resultats-Entwicklung
Sie haben dieses Quiz noch nicht gespielt